| 000 | 00676nam a22002177a 4500 | ||
|---|---|---|---|
| 999 |
_c662 _d662 |
||
| 001 | 4208 | ||
| 003 | BD-DhUAP | ||
| 005 | 20200126142941.0 | ||
| 008 | 200126s1998 bg a|||| b||| 001 0 eng d | ||
| 020 | _a9845102131 | ||
| 040 |
_aBD-DhUAP _bEng _cBD-DhUAP _dBD-DhUAP |
||
| 082 |
_223 _a307.14 ISL |
||
| 100 | _aIslam, Nazrul. | ||
| 245 |
_aHuman settlements and urban development in Bangladesh / _cNazrul Islam. |
||
| 260 |
_aDhaka : _bUniversity of Dhaka, _cc1998. |
||
| 300 |
_avii, 108 pages : _billustrations ; _c23 cm. |
||
| 504 | _aIncludes bibliographical references and index. | ||
| 650 | _aHuman settlements. | ||
| 650 |
_aUrbanization _zBangladesh. |
||
| 942 |
_2ddc _cBK |
||